logo
Normal view MARC view

Entry Topical Term

Number of records used in: 1

001 - CONTROL NUMBER

  • control field: 3603

003 - CONTROL NUMBER IDENTIFIER

  • control field: SLTCLib

005 - DATE AND TIME OF LATEST TRANSACTION

  • control field: 20260615143213.0

008 - FIXED-LENGTH DATA ELEMENTS

  • fixed length control field: 260615|| aca||aabn | a|a d

040 ## - CATALOGING SOURCE

  • Original cataloging agency: SLTCLib
  • Transcribing agency: SLTCLib

150 ## - HEADING--TOPICAL TERM

  • Topical term or geographic name entry element: Research Methodology

670 ## - SOURCE DATA FOUND

  • Source citation: Work cat.: (SLTCLib): Booth, Wayne C. 3601, The Craft of Research, 2004
Ghostwriter

All Rights Reserved, Library of SLTC
Sri Lanka Technological Campus, Ingiriya Road, Padukka, Sri Lanka - Telephone: +, Fax: + -
Email:library@sltc.edu.lk
Designed & Maintained by Nimal Hettiarachchi
Last Updated: 15-April -2018